[Event "Pavlovo"]
[White "Grushin, Alexandr"]
[Black "Rakov, Mikhail"]
[Site "Pavlovo"]
[Round "6"]
[Result "1-0"]
[Date "2011.03.22"]
[WhiteElo "1693"]
[BlackElo "1989"]
[PlyCount "52"]
[EventDate "2011.03.17"]
[EventType "tourn"]
[EventRounds "11"]
[EventCountry "RUS"]
[SourceTitle "EXT 2013"]
[Source "ChessBase"]
[SourceDate "2012.11.22"]
[SourceVersion "1"]
[SourceVersionDate "2012.11.22"]
[SourceQuality "1"]

1. d4 Nf6 2. Nf3 d5 3. c4 e6 4. Nc3 c6 5. e3 Nbd7 6. cxd5 exd5 7. Bd3 Bd6 8. 0-0 0-0 9. a3 Re8 10. Qc2 Qe7 11. b4 a6 12. Bb2 Ne4 13. Na4 f5 14. Nc5 a5 15. b5 Ndxc5 16. dxc5 Bxc5 17. bxc6 bxc6 18. Ne5 Bd6 19. Nxc6 Qc7 20. g3 Nc5 21. Nd4 Nxd3 22. Qxd3 Ba6 23. Nb5 Qc5 24. a4 Be5 25. Rfc1 Bxb5 26. axb5 Qb4 1-0

[Event "Nizhnij Novgorod Dubinin Memorial 16th"]
[White "Danov, Alexander"]
[Black "Rakov, Mikhail"]
[Site "Nizhnij Novgorod"]
[Round "2"]
[Result "0-1"]
[Date "2009.01.04"]
[WhiteElo "2277"]
[BlackElo "1975"]
[PlyCount "40"]
[EventDate "2009.01.03"]
[EventType "swiss"]
[EventRounds "9"]
[EventCountry "RUS"]
[SourceTitle "EXT 2010"]
[Source "ChessBase"]
[SourceDate "2010.11.25"]
[SourceVersion "1"]
[SourceVersionDate "2010.11.25"]
[SourceQuality "1"]

1. e4 c6 2. d4 d5 3. Nc3 dxe4 4. Nxe4 Nd7 5. Bc4 Ngf6 6. Ng5 e6 7. Qe2 Nb6 8. Bb3 h6 9. N5f3 g5 10. Be3 a5 11. a3 Nbd5 12. Ne5 Nxe3 13. Qxe3 a4 14. Ba2 Qa5+ 15. c3 Bd6 16. Ngf3 Nd5 17. Qd2 Qc7 18. g3 f6 19. Nd3 Qf7 20. 0-0-0 b5 0-1

[Event "Kstovo op"]
[White "Rakov, Mikhail"]
[Black "Gorozhanin, Mikhail"]
[Site "Kstovo"]
[Round "2"]
[Result "1-0"]
[Date "2008.09.07"]
[WhiteElo "1912"]
[BlackElo "1765"]
[PlyCount "91"]
[EventDate "2008.09.06"]
[EventType "swiss"]
[EventRounds "9"]
[EventCountry "RUS"]
[SourceTitle "CBM 126 Extra"]
[Source "ChessBase"]
[SourceDate "2008.11.05"]
[SourceVersion "1"]
[SourceVersionDate "2008.11.05"]
[SourceQuality "1"]

1. d4 Nf6 2. Nf3 g6 3. g3 Bg7 4. Bg2 0-0 5. 0-0 d5 6. Nbd2 c5 7. dxc5 Na6 8. Nb3 Ne4 9. Ng5 Nf6 10. c3 h6 11. Nh3 e5 12. f4 e4 13. Be3 Be6 14. Nd4 Nxc5 15. Nxe6 Nxe6 16. f5 Ng4 17. Bc1 Qb6+ 18. Kh1 Nc7 19. Qb3 g5 20. Qxb6 axb6 21. Nf2 Ne5 22. Nd1 Ne8 23. b3 Nc6 24. Bb2 Nf6 25. Ne3 Rfe8 26. Rfd1 Rad8 27. Rd2 Rd7 28. Rad1 Ra8 29. c4 d4 30. Nd5 Nxd5 31. cxd5 Rxd5 32. Bxe4 Rd7 33. Kg2 Kf8 34. e3 Ke7 35. Bxc6 bxc6 36. exd4 c5 37. Kf3 Kf8 38. d5 Bxb2 39. Rxb2 Rad8 40. Rbd2 Ke7 41. Kg4 Rh8 42. Kh5 Kf6 43. g4 Ke5 44. Re1+ Kf4 45. f6 b5 46. Re7 1-0

[Event "Kostroma Volga Cup op"]
[White "Rakov, Mikhail"]
[Black "Galiev, Azat"]
[Site "Kostroma"]
[Round "1"]
[Result "0-1"]
[Date "2008.07.??"]
[WhiteElo "1912"]
[BlackElo "2200"]
[PlyCount "64"]
[EventDate "2008.07.??"]
[EventType "swiss"]
[EventRounds "9"]
[EventCountry "RUS"]
[SourceTitle "EXT 2009"]
[Source "ChessBase"]
[SourceDate "2008.11.26"]
[SourceVersion "1"]
[SourceVersionDate "2008.11.26"]
[SourceQuality "1"]

1. d4 g6 2. e4 Bg7 3. Nf3 d6 4. Bc4 e6 5. 0-0 Ne7 6. d5 e5 7. Ng5 h6 8. Nf3 0-0 9. Bd3 f5 10. c4 f4 11. b4 a5 12. Bd2 axb4 13. Bxb4 Na6 14. Qb3 Nxb4 15. Qxb4 b6 16. a4 g5 17. Nc3 Ng6 18. a5 g4 19. Nd2 Rb8 20. axb6 Rxb6 21. Qa3 Qh4 22. g3 Qg5 23. Qc1 h5 24. Na4 Rb4 25. Qc3 Rb8 26. c5 h4 27. Nc4 hxg3 28. fxg3 Qh6 29. cxd6 cxd6 30. Nd2 Nh8 31. Nb6 Nf7 32. Nxc8 Rbxc8 0-1

[Event "Kostroma Volga Cup op"]
[White "Rakov, Mikhail"]
[Black "Nefedov, Sergei Vladimirovic"]
[Site "Kostroma"]
[Round "7"]
[Result "0-1"]
[Date "2008.07.??"]
[WhiteElo "1912"]
[BlackElo "2235"]
[PlyCount "78"]
[EventDate "2008.07.??"]
[EventType "swiss"]
[EventRounds "9"]
[EventCountry "RUS"]
[SourceTitle "EXT 2009"]
[Source "ChessBase"]
[SourceDate "2008.11.26"]
[SourceVersion "1"]
[SourceVersionDate "2008.11.26"]
[SourceQuality "1"]

1. d4 d5 2. Nf3 Nf6 3. c4 c6 4. Qc2 e6 5. g3 Ne4 6. Bg2 Nd7 7. 0-0 f5 8. Nc3 Ndf6 9. cxd5 exd5 10. Ne5 Be7 11. f3 Nd6 12. b3 0-0 13. Bb2 Be6 14. Na4 Nd7 15. Nc5 Nxc5 16. dxc5 Nf7 17. b4 Nxe5 18. Bxe5 Bf6 19. Bxf6 Qxf6 20. e3 a5 21. Qd2 axb4 22. Qxb4 Ra7 23. a4 Qe5 24. Ra3 Bf7 25. a5 Rfa8 26. Rfa1 h6 27. f4 Qf6 28. Qd4 Qxd4 29. exd4 Bh5 30. Kf2 Kf7 31. Bf1 Kf6 32. a6 Re8 33. Bd3 Re6 34. Rb3 bxa6 35. Rxa6 Rae7 36. Rb2 g5 37. Rb8 Be2 38. Rb3 Bxd3 39. Rxd3 Re2+ 0-1

[Event "Nizhnij Novgorod Voroniatov Memor 5th"]
[White "Rakov, Mikhail"]
[Black "Kudriashov, Alexander"]
[Site "Nizhnij Novgorod"]
[Round "?"]
[Result "0-1"]
[Date "2008.06.14"]
[WhiteElo "1912"]
[BlackElo "2214"]
[PlyCount "58"]
[EventDate "2008.06.14"]
[EventType "swiss"]
[EventRounds "9"]
[EventCountry "RUS"]
[SourceTitle "EXT 2022"]
[Source "ChessBase"]
[SourceDate "2021.10.06"]
[SourceVersion "1"]
[SourceVersionDate "2021.10.06"]
[SourceQuality "1"]

1. d4 c5 2. c3 e6 3. Nf3 Nf6 4. g3 b6 5. Bg2 Bb7 6. 0-0 Be7 7. Nbd2 d6 8. Re1 d5 9. dxc5 bxc5 10. Qa4+ Bc6 11. Qc2 Nbd7 12. Nh4 Qc7 13. e4 dxe4 14. Nxe4 Nxe4 15. Bxe4 Bxh4 16. gxh4 Bxe4 17. Qxe4 0-0 18. Qg4 f5 19. Qc4 Rae8 20. Rxe6 Rxe6 21. Qxe6+ Kh8 22. Bg5 Ne5 23. Qe7 Qb8 24. Rd1 Ng6 25. Qxc5 Qxb2 26. Qd4 Qe2 27. c4 h6 28. Bxh6 Ne5 29. Qa1 gxh6 0-1

[Event "Nizhnij Novgorod Voroniatov Memor 5th"]
[White "Rakov, Mikhail"]
[Black "Patkina, Ekaterina"]
[Site "Nizhnij Novgorod"]
[Round "?"]
[Result "1/2-1/2"]
[Date "2008.06.14"]
[WhiteElo "1912"]
[BlackElo "1949"]
[PlyCount "42"]
[EventDate "2008.06.14"]
[EventType "swiss"]
[EventRounds "9"]
[EventCountry "RUS"]
[SourceTitle "EXT 2022"]
[Source "ChessBase"]
[SourceDate "2021.10.06"]
[SourceVersion "1"]
[SourceVersionDate "2021.10.06"]
[SourceQuality "1"]

1. Nf3 Nf6 2. c4 g6 3. Nc3 d5 4. cxd5 Nxd5 5. g3 Bg7 6. Bg2 Nb6 7. 0-0 0-0 8. b3 Nc6 9. Bb2 Bf5 10. Nh4 Be6 11. e3 Qd3 12. Be4 Qd7 13. d4 Rad8 14. Bh1 f5 15. Ng2 Bf7 16. Nf4 e6 17. Qe2 Qc8 18. Rfd1 e5 19. dxe5 Nxe5 20. Rxd8 Rxd8 21. Rd1 c6 1/2-1/2

[Event "Nizhnij Novgorod Voroniatov Memor 5th"]
[White "Vorontsov, Anatoly"]
[Black "Rakov, Mikhail"]
[Site "Nizhnij Novgorod"]
[Round "?"]
[Result "0-1"]
[Date "2008.06.14"]
[WhiteElo "2129"]
[BlackElo "1912"]
[PlyCount "62"]
[EventDate "2008.06.14"]
[EventType "swiss"]
[EventRounds "9"]
[EventCountry "RUS"]
[SourceTitle "EXT 2022"]
[Source "ChessBase"]
[SourceDate "2021.10.06"]
[SourceVersion "1"]
[SourceVersionDate "2021.10.06"]
[SourceQuality "1"]

1. e4 c6 2. Nc3 d5 3. Qf3 d4 4. Bc4 Nf6 5. e5 dxc3 6. exf6 exf6 7. Qxc3 Bd6 8. Ne2 0-0 9. d4 b5 10. Bd3 a5 11. a3 b4 12. Qd2 c5 13. axb4 cxb4 14. c4 bxc3 15. bxc3 Ba6 16. 0-0 Qc7 17. f4 Nd7 18. Ng3 Bxd3 19. Qxd3 Rfd8 20. Ne4 Nc5 21. Nxc5 Bxc5 22. Ra4 Bb6 23. f5 Rac8 24. Bd2 Qc6 25. Rfa1 Re8 26. c4 Rcd8 27. Bc3 Qd7 28. Rxa5 Bxd4+ 29. Bxd4 Qxd4+ 30. Qxd4 Rxd4 31. Rc1 Rc8 0-1

[Event "Nizhnij Novgorod Region-ch"]
[White "Lugovoy, Dmitry"]
[Black "Rakov, Mikhail"]
[Site "Nizhnij Novgorod"]
[Round "?"]
[Result "1-0"]
[Date "2007.10.??"]
[WhiteElo "2051"]
[BlackElo "1932"]
[PlyCount "47"]
[EventDate "2007.10.??"]
[EventType "swiss"]
[EventRounds "9"]
[EventCountry "RUS"]
[SourceTitle "EXT 2009"]
[Source "ChessBase"]
[SourceDate "2008.11.26"]
[SourceVersion "1"]
[SourceVersionDate "2008.11.26"]
[SourceQuality "1"]

1. d4 Nf6 2. c4 e6 3. Nf3 d5 4. g3 Bb4+ 5. Bd2 Bxd2+ 6. Nbxd2 0-0 7. Bg2 Nbd7 8. 0-0 Re8 9. Rc1 c6 10. a3 e5 11. cxd5 Nxd5 12. e4 N5f6 13. dxe5 Nxe5 14. Nxe5 Rxe5 15. Nc4 Re8 16. Qc2 Bg4 17. e5 Nd5 18. Nd6 Re7 19. Bxd5 cxd5 20. Rfe1 f6 21. Qc5 Bf3 22. Re3 b6 23. Qc6 d4 24. Rxf3 1-0

[Event "Nizhnij Novgorod Region-ch"]
[White "Rakov, Mikhail"]
[Black "Obrezchikov, Mikhail"]
[Site "Nizhnij Novgorod"]
[Round "?"]
[Result "1-0"]
[Date "2007.10.??"]
[WhiteElo "1932"]
[BlackElo "2023"]
[PlyCount "85"]
[EventDate "2007.10.??"]
[EventType "swiss"]
[EventRounds "9"]
[EventCountry "RUS"]
[SourceTitle "EXT 2009"]
[Source "ChessBase"]
[SourceDate "2008.11.26"]
[SourceVersion "1"]
[SourceVersionDate "2008.11.26"]
[SourceQuality "1"]

1. d4 Nf6 2. Nf3 b6 3. c4 Bb7 4. Nc3 g6 5. Bf4 a6 6. e3 Bg7 7. Bd3 0-0 8. 0-0 d5 9. cxd5 Nxd5 10. Nxd5 Qxd5 11. Bxc7 Nd7 12. Qb3 Qh5 13. Be2 Bd5 14. Qd1 Rac8 15. Bf4 Nf6 16. Ng5 Qh4 17. Bxa6 Ra8 18. Be2 Ra5 19. g3 Qh6 20. e4 Bc4 21. Bxc4 Rxg5 22. Bxg5 Qxg5 23. f4 Qa5 24. e5 Nd5 25. Bxd5 Qxd5 26. Rf2 Rd8 27. Rd2 e6 28. Qb3 Qc6 29. Rad1 Bf8 30. Qc3 Qe4 31. b4 Qd5 32. a3 Be7 33. Kf2 Kg7 34. Qc7 Rd7 35. Qxb6 g5 36. Qa6 gxf4 37. Qe2 fxg3+ 38. hxg3 Bg5 39. Rc2 Qb3 40. Qd3 Qd5 41. Qf3 Qb5 42. Qc6 Qxc6 43. Rxc6 1-0